ბათუმის შოთა რუსთაველის სახელმწიფო უნივერსიტეტის ბიბლიოთეკა

კულტურის ისტორიისა და თეორიის საკითხები XXXI=ISSUES OF HISTORY AND THEORY OF CULTURE XXXI : (ბიბ.ჩანაწერი № 55024)

000 -ლიდერი
ფიქსირებული სიგრძის საკონტროლო ველი 01364nam a2200241Ia 4500
001 - საკონტროლო ნომერი
საკონტროლო ველი 22098
003 - საკონტროლო ნომრის იდენტიფიკატორი
საკონტროლო ველი GE_BSU
005 - ბოლო ოპერაციის თარიღი და დრო
საკონტროლო ველი 20221025161237.0
008 - ფიქსირებული სიგრძის მონაცემთა ელემენტები - ზოგადი ინფორმაცია
ფიქსირებული სიგრძის საკონტროლო ველი 181216s ||||ge |||||||||||||| ||geo||
020 ## - წიგნის საერთაშორისო სტანდარტული ნომერი
International Standard Book Number ISSN 1512-0694
040 ## - კატალოგიზაციის წყარო
Transcribing agency GE_BSU
041 ## - ენის კოდი
Language code of text/sound track or separate title geo
080 ## - უნივერსალური ათობითი კლასიფიკაციის ინდექსი
Universal Decimal Classification number 008(09) კ-83
245 ## - ცნობა სათაურის შესახებ
Title კულტურის ისტორიისა და თეორიის საკითხები XXXI=ISSUES OF HISTORY AND THEORY OF CULTURE XXXI :
Remainder of title [კრებული] /
Statement of responsibility, etc მთ. რედ. გ. ლორთქიფანიძე, ტომის რედ. მარიკა მშვილდაძე ; სარედ. კოლ. ბრაუნდი დევიდ, ბუცხრიკიძე მამუკა და სხვ.
264 ## - წარმოების, გამოცემის, დისტრიბუციის და სხვა ცნობები
გამოცემის, წარმოების, დისტრიბუციის... ადგილი თბილისი
გამოცემის, წარმოების, დისტრიბუციის... სახელწოდება თბილ. უნ-ტის გამ-ბა,
გამოცემის, წარმოების, დისტრიბუციის... თარიღი 2017.
300 ## - ფიზიკური აღწერა
Extent 230 გვ. ;
Dimensions 21 სმ.
653 ## - INDEX TERM--UNCONTROLLED
Uncontrolled term კულტურა,ცივილიზაცია
653 ## - INDEX TERM--UNCONTROLLED
Uncontrolled term კულტურის ისტორიისა და თეორიის საკითხები XXXI
700 ## - ADDED ENTRY--PERSONAL NAME
Personal name ლორთქიფანიძე, გ.
Relator term მთ.რედაქტორი
9 (RLIN) 1484
700 ## - ADDED ENTRY--PERSONAL NAME
Personal name მშვილდაძე, მარიკა
Relator term ტომის რედატორი
9 (RLIN) 15413
942 ## - ADDED ENTRY ELEMENTS (KOHA)
Koha item type წიგნი
Source of classification or shelving scheme
ეგზემპლარები
ჩამოწერის სტატუსი დაკარგული ეგზემპლარის სტატუსი კლასიფიკაციის წყარო ან თაროზე გაწყობის სქემა დაზიანების სტატუსი არ გაიცემა მუდმივი მდებარეობა (დაცვის ადგილი) ამჟამინდელი ადგილსამყოფელი თაროზე განთავსების ადგილი შეძენის თარიღი ღირებულება, შესყიდვის ნორმალური ფასი სრული შენახვის შიფრი შტრიხკოდი ბოლო ოპერაციის თარიღი ეგზემპლარის მიმდევრობითი ნომერი (კეტერი?) ფასის ძალაში შესვლის თარიღი ეგზემპლარის სახეობა საჯარო შენიშვნა
          ბათუმის შოთა რუსთაველის სახელმწიფო უნივერსიტეტის მთავარი ბიბლიოთეკა ბათუმის შოთა რუსთაველის სახელმწიფო უნივერსიტეტის მთავარი ბიბლიოთეკა წიგნსაცავი 2018-12-17 9.20 008(09) კ-83 56997 2018-12-17 56697 2018-12-17 წიგნი 9.20 ₾.